000
00332nam a2200145Ia 4500
005
20251222141804.0
008
251222s9999||||xx |||||||||||||| ||spa||
020
_a
950-02-5819-6
082
_a
371.2/M28
100
_a
Materi, Lilia E.
245
0
_a
Administración Escolar:
250
_a
5a.ed.
264
_b
Ateneo
942
_c
LIB
999
_c
6257
_d
6257